| 000 | 00672nam a22002177a 4500 | ||
|---|---|---|---|
| 005 | 20240308115839.0 | ||
| 008 | 240308b |||||||| |||| 00| 0 eng d | ||
| 020 | _a9788131226551 | ||
| 082 |
_a618.920 _bMAR-E |
||
| 100 | _aMarcdante, Karen | ||
| 245 |
_aNelson Essentials Of Pediatrics / _cKaren Marcdante , Robert M. Kliegman , Hall B.Jenson , Richard E.Behrman. |
||
| 250 | _a6th ed. | ||
| 260 |
_aIndia : _bElsevier ; _c2011 . |
||
| 300 |
_axix , 831 p. : _bill ; _c28.5 cm . |
||
| 500 | _aInclude index.hard binding. | ||
| 650 | _aMedical / pediatrics | ||
| 700 | _aRobert M. Kliegman | ||
| 700 | _aRichard E.Behrman | ||
| 700 | _aHall B.Jenson | ||
| 999 |
_c35291 _d35291 |
||